| 000 | 00632nam a2200253Ia 4500 | ||
|---|---|---|---|
| 001 | 3120 | ||
| 005 | 20240113233613.0 | ||
| 007 | ta | ||
| 008 | 050405s g b000 u hin u | ||
| 040 | _aCotton College,Assam | ||
| 041 | _ahin | ||
| 082 |
_a891.431 _bB122Su |
||
| 100 | _aBacchan, . | ||
| 245 | 0 |
_aKhopan / _cBacchan. _hTextual Documents |
|
| 250 | _a1st ed. / | ||
| 260 |
_aAllahabad : _bBharti Bhandar , _cNd. |
||
| 300 |
_a304P ; _c22cm. |
||
| 500 | _a2010 (Khakabda) Assamese Calender | ||
| 653 | _aHindi poetry | ||
| 653 | _aGen-Hindi | ||
| 942 |
_2ddc _cBK |
||
| 999 |
_c3108 _d3108 |
||